[Event "1st Donner mem group A"]
[Site "Amsterdam NED"]
[Date "1994.08.19"]
[Round "1"]
[White "Lautier, Joel"]
[Black "Piket, Jeroen"]
[Result "1/2-1/2"]
[WhiteElo "2645"]
[BlackElo "2640"]
[EventDate "1994.08.19"]
[PlyCount "47"]

1.c4 e6 2.Nc3 d5 3.d4 c5 4.cxd5 exd5 5.Nf3 Nc6 6.g3 Nf6 7.Bg2
Be7 8.O-O O-O 9.Bg5 c4 10.Ne5 Be6 11.Nxc6 bxc6 12.b3 Qa5
13.Na4 Rfd8 14.e3 c5 15.Bxf6 gxf6 16.bxc4 cxd4 17.exd4 Rab8
18.c5 f5 19.c6 Rdc8 20.Rc1 Ba3 21.Rc3 Bb4 22.Rc1 Ba3 23.Rc3
Bb4 24.Rc1 1/2-1/2

[Event "1st Donner mem group A"]
[Site "Amsterdam NED"]
[Date "1994.08.19"]
[Round "1"]
[White "Van der Sterren, Paul"]
[Black "Lobron, Eric"]
[Result "1-0"]
[WhiteElo "2605"]
[BlackElo "2580"]
[EventDate "1994.08.19"]
[PlyCount "117"]

1.d4 Nf6 2.c4 e6 3.Nf3 d5 4.Bg5 h6 5.Bxf6 Qxf6 6.Nc3 Qd8 7.e3
Be7 8.Bd3 O-O 9.O-O dxc4 10.Bxc4 c5 11.Qe2 Nc6 12.Rad1 Qa5
13.h3 a6 14.d5 exd5 15.Bxd5 Qc7 16.e4 Be6 17.e5 Rad8 18.Bxe6
fxe6 19.Qc4 Qc8 20.Ne2 Rxd1 21.Rxd1 Rd8 22.Rxd8+ Nxd8 23.Qg4
Qd7 24.Nf4 Bf8 25.Nh5 Qd3 26.Nf6+ Kf7 27.Ne4 Qb1+ 28.Kh2 Qxb2
29.Qh5+ g6 30.Qh4 Ke8 31.Qf6 Be7 32.Qxg6+ Kd7 33.Qg7 Nc6
34.Nxc5+ Kc7 35.Nxe6+ Kb6 36.Qxh6 Qxf2 37.a4 Ka5 38.Qf4 Bb4
39.Qe4 Qa2 40.Nf4 Qxa4 41.Nd4 Nxd4 42.Qxd4 Qa3 43.Nd3 Be7
44.Kg3 b5 45.h4 Qb3 46.h5 b4 47.h6 Qe6 48.Qe3 b3 49.Kf3 Bf8
50.h7 Qf7+ 51.Nf4 Qb7+ 52.Kg4 Bg7 53.Qc5+ Ka4 54.Qc4+ Ka3
55.Nd3 Qxg2+ 56.Kf5 Qh3+ 57.Kg6 Qh6+ 58.Kf7 Bf8 59.h8=Q 1-0

[Event "1st Donner mem group A"]
[Site "Amsterdam NED"]
[Date "1994.08.20"]
[Round "2"]
[White "Piket, Jeroen"]
[Black "Adams, Michael"]
[Result "1/2-1/2"]
[WhiteElo "2640"]
[BlackElo "2640"]
[EventDate "1994.08.19"]
[PlyCount "57"]

1. d4 Nf6 2. Nf3 e6 3. g3 d5 4. Bg2 Be7 5. O-O O-O 6. c4 dxc4
7. Qc2 a6 8. Qxc4 b5 9. Qc2 Bb7 10. Bf4 Nc6 11. Rd1 Nb4
12. Qc1 Nbd5 13. Nc3 Rc8 14. Nxd5 Bxd5 15. Be3 c6 16. Ne1 Bxg2
17. Kxg2 Nd5 18. Nd3 Nxe3+ 19. Qxe3 Qd5+ 20. f3 c5 21. dxc5
Bxc5 22. Nxc5 Qxc5 23. Qxc5 Rxc5 24. Rac1 Rxc1 25. Rxc1 Rd8
26. Rc6 Kf8 27. Rxa6 Rd2 28. Kf2 Rxb2 29. a4 1/2-1/2

[Event "1st Donner mem group A"]
[Site "Amsterdam NED"]
[Date "1994.08.21"]
[Round "3"]
[White "Jussupow, Artur"]
[Black "Lautier, Joel"]
[Result "1-0"]
[WhiteElo "2655"]
[BlackElo "2645"]
[EventDate "1994.08.19"]
[PlyCount "79"]

1.d4 d5 2.c4 e6 3.Nc3 Bb4 4.e3 Ne7 5.Bd2 O-O 6.a3 Bxc3 7.Bxc3
b6 8.Nf3 Ba6 9.b3 c5 10.dxc5 dxc4 11.Bxc4 Bxc4 12.bxc4 bxc5
13.Qxd8 Rxd8 14.Ke2 Nd7 15.Nd2 Nc6 16.Rhb1 Rab8 17.Rb5 a6
18.Rxb8 Rxb8 19.g4 f6 20.h4 Kf7 21.h5 Nb6 22.Rd1 Na4 23.Ba1
Na5 24.Ne4 Nb6 25.g5 f5 26.Nxc5 Naxc4 27.Nd7 Rc8 28.Nxb6 Nxb6
29.Rd6 Rc2+ 30.Kf3 Ra2 31.Bxg7 Nc4 32.Rd7+ Ke8 33.Ra7 Nd6
34.g6 hxg6 35.h6 Ne4 36.Kg2 Rxf2+ 37.Kg1 Rd2 38.h7 Rd1+ 39.Kg2
Rd2+ 40.Kf1 1-0

[Event "1st Donner mem group A"]
[Site "Amsterdam NED"]
[Date "1994.08.21"]
[Round "3"]
[White "Van der Sterren, Paul"]
[Black "Sokolov, Ivan"]
[Result "1/2-1/2"]
[WhiteElo "2605"]
[BlackElo "2625"]
[EventDate "1994.08.19"]
[PlyCount "158"]

1.d4 Nf6 2.c4 e6 3.Nf3 b6 4.g3 Ba6 5.b3 Bb7 6.Bg2 Bb4+ 7.Bd2
Be7 8.Nc3 O-O 9.O-O Na6 10.e3 d5 11.Qe2 c5 12.Rfd1 Nc7 13.Ne5
Bd6 14.Be1 Qe7 15.f4 Rfd8 16.g4 Nfe8 17.g5 f6 18.gxf6 Nxf6
19.Bh4 Qf8 20.Bf3 Nce8 21.cxd5 exd5 22.Qg2 cxd4 23.exd4 Bb4
24.Rac1 Nc7 25.Ne2 Nce8 26.Ng3 Rac8 27.Qh3 Nd6 28.Nh5 Nxh5
29.Bxh5 Rxc1 30.Qe6+ Kh8 31.Rxc1 Qxf4 32.Bxd8 Qxc1+ 33.Kg2
Qd2+ 34.Kh1 Qc1+ 35.Kg2 Qb2+ 36.Kg3 Ne4+ 37.Kh3 Qc3+ 38.Kg2
Qc2+ 39.Kh1 Qb1+ 40.Kg2 Qc2+ 41.Kh1 Qc1+ 42.Kg2 Qd2+ 43.Kh3
Qe3+ 44.Bf3 Qh6+ 45.Qxh6 gxh6 46.Bh5 Kg7 47.Kg2 Bc3 48.Nf3 Nf6
49.Bxf6+ Kxf6 50.Kf2 Bc8 51.Ke3 Bb2 52.Ne5 Bc1+ 53.Kf2 Bf4
54.Nc6 a5 55.Bf3 Bxh2 56.Bxd5 Bd6 57.Be4 Bf5 58.Bxf5 Kxf5
59.Kf3 h5 60.Na7 h4 61.Nb5 Ke6 62.Kg4 Be7 63.Kf4 Kd5 64.a3
Bxa3 65.Nxa3 Kxd4 66.Nb5+ Kc5 67.Nc7 b5 68.Ne6+ Kd5 69.Nc7+
Kc6 70.Ne6 b4 71.Ng5 h6 72.Nf3 Kd5 73.Ke3 h3 74.Kd3 h5 75.Ke3
Kc5 76.Kd3 Kb5 77.Ke3 h4 78.Kf2 Kc5 79.Ne5 Kb5 1/2-1/2

[Event "1st Donner mem group A"]
[Site "Amsterdam NED"]
[Date "1994.08.22"]
[Round "4"]
[White "Lautier, Joel"]
[Black "Van der Sterren, Paul"]
[Result "1/2-1/2"]
[WhiteElo "2645"]
[BlackElo "2605"]
[EventDate "1994.08.19"]
[PlyCount "66"]

1.e4 e5 2.Nf3 Nc6 3.d4 exd4 4.Nxd4 Bc5 5.Be3 Qf6 6.c3 Nge7
7.Bc4 Ne5 8.Be2 d6 9.O-O Qg6 10.Kh1 Qxe4 11.Nd2 Qg6 12.Nb5 O-O
13.Nxc7 Rb8 14.Bf4 Bf5 15.Nb3 Bb6 16.Nb5 Rbd8 17.Qd2 N7c6
18.Be3 Bxe3 19.Qxe3 Rfe8 20.Qd2 d5 21.Rae1 Nc4 22.Qc1 Be4
23.f3 Bf5 24.Bxc4 dxc4 25.N3d4 Nxd4 26.Nxd4 Bd3 27.Rxe8+ Rxe8
28.Re1 Rxe1+ 29.Qxe1 h6 30.Qe8+ Kh7 31.Qb5 Qf6 32.Qxb7 Qg5
33.h3 Qc1+ 1/2-1/2

[Event "1st Donner mem group A"]
[Site "Amsterdam NED"]
[Date "1994.08.22"]
[Round "4"]
[White "Piket, Jeroen"]
[Black "Lobron, Eric"]
[Result "1-0"]
[WhiteElo "2640"]
[BlackElo "2580"]
[EventDate "1994.08.19"]
[PlyCount "85"]

1. d4 Nf6 2. c4 e6 3. Nf3 d5 4. Bg5 dxc4 5. Nc3 a6 6. e3 b5
7. a4 c6 8. axb5 cxb5 9. Nxb5 axb5 10. Rxa8 Bb7 11. Bxf6 gxf6
12. Ra7 Bb4+ 13. Ke2 Be4 14. Nd2 Bg6 15. Nxc4 Nc6 16. Ra6 Qc8
17. Rb6 O-O 18. Rxb5 Qa6 19. Rxb4 Nxb4 20. Qb3 Rb8 21. Kd2 Qa8
22. f3 Nc2 23. Qc3 Qa1 24. e4 Qe1+ 25. Kxc2 Qa1 26. g4 f5
27. gxf5 exf5 28. b3 Qa2+ 29. Qb2 Qa8 30. Bd3 fxe4 31. fxe4
Bxe4 32. Rg1+ Kf8 33. Qa3+ Qxa3 34. Nxa3 Bxd3+ 35. Kc3 Bf5
36. Rg5 Be6 37. Nc4 h6 38. Rc5 Ke7 39. d5 Bd7 40. Rc7 Kd8
41. d6 Be6 42. Na5 Rb5 43. Nc6+ 1-0

[Event "1st Donner mem group A"]
[Site "Amsterdam NED"]
[Date "1994.08.22"]
[Round "4"]
[White "Sokolov, Ivan"]
[Black "Xie Jun"]
[Result "1-0"]
[WhiteElo "2625"]
[BlackElo "2515"]
[EventDate "1994.08.19"]
[PlyCount "91"]

1.d4 Nf6 2.c4 g6 3.Nc3 Bg7 4.e4 d6 5.h3 O-O 6.Nf3 e5 7.d5 Nh5
8.g3 Na6 9.Nd2 Bh6 10.Be2 Ng7 11.Nf3 Bxc1 12.Qxc1 f5 13.Qh6
Qe7 14.h4 fxe4 15.Nxe4 Nc5 16.Nxc5 dxc5 17.Qg5 Qe8 18.g4 Qf7
19.Qe3 Qf4 20.Nxe5 b6 21.Qxf4 Rxf4 22.Rh3 Ne8 23.Re3 Nd6 24.b3
Bb7 25.f3 Re8 26.Nd3 Rff8 27.Rxe8 Rxe8 28.Kf2 Bc8 29.Nf4 Kf7
30.Bd3 Kf6 31.Rh1 a5 32.a4 Bd7 33.Ne2 Nf7 34.Ng3 Ne5 35.Bc2
Kg7 36.Re1 h6 37.h5 gxh5 38.Nxh5+ Kf7 39.Kg3 c6 40.Nf4 Kg7
41.Nh5+ Kf7 42.d6 b5 43.Re4 Ng6 44.Rxe8 Bxe8 45.Bxg6+ Kxg6
46.Kf4 1-0

[Event "1st Donner mem group A"]
[Site "Amsterdam NED"]
[Date "1994.08.23"]
[Round "5"]
[White "Adams, Michael"]
[Black "Sokolov, Ivan"]
[Result "1/2-1/2"]
[WhiteElo "2640"]
[BlackElo "2625"]
[EventDate "1994.08.19"]
[PlyCount "64"]

1.e4 e5 2.Nf3 Nc6 3.Bb5 a6 4.Ba4 Nf6 5.O-O Be7 6.Re1 b5 7.Bb3
O-O 8.d3 d6 9.c3 Na5 10.Bc2 c5 11.Nbd2 Nd7 12.Nf1 Nb6 13.Ne3
Bf6 14.a4 Be6 15.b4 cxb4 16.cxb4 Nc6 17.a5 Nc8 18.Bb3 N8e7
19.Bd2 d5 20.h3 dxe4 21.dxe4 Bxb3 22.Qxb3 Nd4 23.Nxd4 Qxd4
24.Bc3 Qxe4 25.Ng4 Qd5 26.Qb2 Ng6 27.Rad1 Qb7 28.Bxe5 Nxe5
29.Nxe5 Rad8 30.Qb3 Rxd1 31.Qxd1 Re8 32.Nd3 Rd8 1/2-1/2

[Event "1st Donner mem group A"]
[Site "Amsterdam NED"]
[Date "1994.08.25"]
[Round "6"]
[White "Timman, Jan"]
[Black "Xie Jun"]
[Result "0-1"]
[WhiteElo "2635"]
[BlackElo "2515"]
[EventDate "1994.08.19"]
[PlyCount "71"]

1.e4 e5 2.Nf3 Nc6 3.Bb5 a6 4.Bxc6 dxc6 5.O-O Qd6 6.Na3 Be6
7.Qe2 f6 8.Rd1 c5 9.c3 Bg4 10.Nc2 O-O-O 11.d4 Qc6 12.d5 Qe8
13.Ne3 Bh5 14.b4 Nh6 15.Nc4 g5 16.bxc5 g4 17.Nh4 g3 18.f3
Bxc5+ 19.Kh1 Qf8 20.Rb1 Be8 21.Na5 Bb6 22.Nc4 Bf2 23.Na5 Bb6
24.Nb3 f5 25.Bg5 Rd7 26.exf5 Rg8 27.Be3 Qf6 28.Bxb6 Qxh4
29.Bg1 gxh2 30.Bf2 Rxg2 31.Bxh4 Rxe2 32.Nc5 Bh5 33.Rf1 Rxd5
34.Ne4 Nxf5 35.Nf6 Nxh4 36.Nxh5 0-1

[Event "1st Donner mem group A"]
[Site "Amsterdam NED"]
[Date "1994.08.25"]
[Round "6"]
[White "Sokolov, Ivan"]
[Black "Lobron, Eric"]
[Result "1/2-1/2"]
[WhiteElo "2625"]
[BlackElo "2580"]
[EventDate "1994.08.19"]
[PlyCount "61"]

1.d4 Nf6 2.c4 e6 3.Nc3 Bb4 4.Qc2 d5 5.a3 Bxc3+ 6.Qxc3 Ne4
7.Qc2 c5 8.dxc5 Nc6 9.e3 Qa5+ 10.Bd2 Qxc5 11.b4 Qe7 12.Nf3 O-O
13.Bd3 Nxd2 14.Nxd2 h6 15.O-O Ne5 16.Be2 Nxc4 17.Nxc4 dxc4
18.Qxc4 b6 19.Rac1 Rd8 20.Rfd1 Rxd1+ 21.Bxd1 Bd7 22.Qa6 Qd8
23.Bf3 Rc8 24.Rd1 Qc7 25.h3 Be8 26.h4 Kf8 27.h5 Ke7 28.a4 Rd8
29.Rxd8 Kxd8 30.a5 Ke7 31.axb6 1/2-1/2

[Event "1st Donner mem group A"]
[Site "Amsterdam NED"]
[Date "1994.08.26"]
[Round "7"]
[White "Lobron, Eric"]
[Black "Lautier, Joel"]
[Result "1/2-1/2"]
[WhiteElo "2580"]
[BlackElo "2645"]
[EventDate "1994.08.19"]
[PlyCount "57"]

1.d4 d5 2.c4 c6 3.Nf3 Nf6 4.Nc3 dxc4 5.a4 Bf5 6.e3 e6 7.Bxc4
Bb4 8.O-O Nbd7 9.Qe2 Bg4 10.Rd1 Qa5 11.e4 O-O 12.e5 Nd5
13.Nxd5 cxd5 14.Bd3 h6 15.h3 Bh5 16.g4 Bg6 17.g5 hxg5 18.Nxg5
Rfe8 19.Bxg6 fxg6 20.Be3 Nf8 21.Qf3 Qc7 22.Rac1 Qd7 23.Rc2
Rac8 24.Rdc1 Rxc2 25.Rxc2 Nh7 26.Nxh7 Kxh7 27.b3 Rf8 28.Qg4
Rc8 29.Rxc8 1/2-1/2

[Event "1st Donner mem group A"]
[Site "Amsterdam NED"]
[Date "1994.08.26"]
[Round "7"]
[White "Adams, Michael"]
[Black "Timman, Jan"]
[Result "1/2-1/2"]
[WhiteElo "2640"]
[BlackElo "2635"]
[EventDate "1994.08.19"]
[PlyCount "84"]

1.e4 c5 2.Nf3 Nc6 3.d4 cxd4 4.Nxd4 Nf6 5.Nc3 d6 6.Bg5 e6 7.Qd2
a6 8.O-O-O h6 9.Bf4 Bd7 10.Nxc6 Bxc6 11.Qe1 Be7 12.e5 Nh5
13.Be3 Qc7 14.Be2 g6 15.Bxh5 gxh5 16.Bf4 O-O-O 17.f3 Rhg8
18.Qe2 Bg5 19.Bxg5 hxg5 20.exd6 Rxd6 21.h3 Rxd1+ 22.Rxd1 Qf4+
23.Kb1 Rd8 24.b3 Rxd1+ 25.Nxd1 Qd4 26.Nf2 Kd7 27.Qe1 f6 28.c3
Qd6 29.Kc2 Qg3 30.Qd2+ Ke7 31.Ne4 Bxe4+ 32.fxe4 g4 33.hxg4
Qxg4 34.Kd3 h4 35.c4 Qg3+ 36.Kc2 Kf7 37.b4 Kg6 38.a4 Qg4
39.Kd3 Qg3+ 40.Kc2 Qg4 41.Kd3 e5 42.a5 Qg3+ 1/2-1/2

[Event "1st Donner mem group A"]
[Site "Amsterdam NED"]
[Date "1994.08.28"]
[Round "9"]
[White "Adams, Michael"]
[Black "Van der Sterren, Paul"]
[Result "1-0"]
[WhiteElo "2640"]
[BlackElo "2605"]
[EventDate "1994.08.19"]
[PlyCount "73"]

1.d4 d5 2.Bg5 c5 3.e4 dxe4 4.d5 Nf6 5.Nc3 Nbd7 6.Qe2 h6 7.Bf4
g6 8.O-O-O Bg7 9.d6 e5 10.Nxe4 O-O 11.Nxf6+ Qxf6 12.Bg3 Nb6
13.c3 Bf5 14.Nf3 Rfe8 15.Nh4 Bd7 16.Nf3 e4 17.Nd2 h5 18.f3 Bh6
19.Kb1 h4 20.Be1 e3 21.Ne4 Bf5 22.Qc2 Bxe4 23.fxe4 Red8 24.Be2
Bg5 25.Rf1 Qe5 26.g3 h3 27.Qd3 Rac8 28.c4 Rc6 29.Bc3 Qxd6
30.Qc2 Qc7 31.Rxd8+ Qxd8 32.e5 Re6 33.Bg4 Re8 34.e6 f5 35.Bxf5
e2 36.Qxe2 gxf5 37.Qh5 1-0

[Event "1st Donner mem group A"]
[Site "Amsterdam NED"]
[Date "1994.08.28"]
[Round "9"]
[White "Benjamin, Joel"]
[Black "Timman, Jan"]
[Result "0-1"]
[WhiteElo "2610"]
[BlackElo "2635"]
[EventDate "1994.08.19"]
[PlyCount "173"]

1.e4 e5 2.Nf3 Nc6 3.Bb5 a6 4.Ba4 Nf6 5.O-O Be7 6.Re1 b5 7.Bb3
d6 8.c3 O-O 9.d3 Na5 10.Bc2 c5 11.Nbd2 Nd7 12.Nf1 Nb6 13.Ng3
Nc6 14.h3 Be6 15.Nh2 Re8 16.Ng4 Bg5 17.Nf5 Bxc1 18.Qxc1 Bxf5
19.exf5 f6 20.f4 Qc7 21.fxe5 Nxe5 22.Nf2 Kh8 23.Bd1 Qf7 24.Qf4
Nd5 25.Qh4 g5 26.fxg6 Nxg6 27.Rxe8+ Rxe8 28.Bh5 Re2 29.Qg3 Re5
30.Bf3 Ndf4 31.d4 cxd4 32.cxd4 Rg5 33.Qh2 Nxg2 34.Ne4 N2h4
35.Nxg5 fxg5 36.Bh1 Nf4 37.Re1 Qf5 38.Qg3 Nxh3+ 39.Kh2 Nf4
40.Re8+ Kg7 41.Be4 Qf6 42.Qg4 Kh6 43.Qd7 Nfg6 44.Re6 Qf4+
45.Kg1 Qc1+ 46.Kf2 Qxb2+ 47.Ke3 Qa3+ 48.Kd2 Qxa2+ 49.Kc1 Qc4+
50.Kb1 Qb3+ 51.Kc1 Qe3+ 52.Kb1 Qxd4 53.Qxd6 Qxd6 54.Rxd6 g4
55.Rxa6 Kg5 56.Rb6 Nf3 57.Rxb5+ Kf4 58.Bb7 Nge5 59.Rb4+ Kg3
60.Rb5 h5 61.Bc8 Kh2 62.Bxg4 hxg4 63.Rb8 Ng5 64.Rb5 Nef3
65.Rb4 Ne4 66.Kc2 Nfg5 67.Rb3 Kg2 68.Ra3 Kf2 69.Kd3 Kf3 70.Kd4
Kf4 71.Kd5 Nf3 72.Ra4 Nfd2 73.Ra3 Nf1 74.Kd4 Nfd2 75.Kd5 Nf3
76.Ra4 Nfg5 77.Ra3 Nf6+ 78.Kd6 Nge4+ 79.Ke6 Ne8 80.Kd5 Nc7+
81.Kc6 Ne6 82.Kd5 N6g5 83.Rb3 Nf3 84.Rb2 Nfd2 85.Rc2 g3 86.Rc1
Nf3 87.Rc2 0-1